| 000 | 00453pab a2200181 454500 | ||
|---|---|---|---|
| 008 | 180718b2010 xxu||||| |||| 00| 0 eng d | ||
| 100 | _aTripathy, K.K. | ||
| 245 | _aBudget 2010-11 and inclusive growth: a feel good factor for rural India? | ||
| 260 | _c2010 | ||
| 300 | _ap.3-6. | ||
| 362 | _aApr | ||
| 650 | _aEconomic growth - India | ||
| 650 | _aBudget - India | ||
| 650 | _aBudget | ||
| 773 | _aKurukshetra | ||
| 908 | _aN | ||
| 909 | _a86142 | ||
| 999 |
_c86142 _d86142 |
||